Regional office market outperforms the southeast (Record no. 71238)

MARC details
000 -LEADER
fixed length control field 01006cam a2200217 4500
001 - CONTROL NUMBER
control field WB3835-20
008 - FIXED-LENGTH DATA ELEMENTS--GENERAL INFORMATION
fixed length control field 020926n2002 000 0 eng u
035 ## - SYSTEM CONTROL NUMBER
System control number (Sirsi) u119859
245 ## - TITLE STATEMENT
Title Regional office market outperforms the southeast
260 ## - PUBLICATION, DISTRIBUTION, ETC.
Date of publication, distribution, etc. 2002
490 ## - SERIES STATEMENT
Series statement Insignia Richard Ellis Press Release
Volume/sequential designation 23 September 2002, (1)
520 ## - SUMMARY, ETC.
Summary, etc. A report by Insignia Richard Ellis shows regional office markets outside the southeast strongly outperforming the office sector average during 2002. Performances in Central London and M25 markets have been the main source of the downturn in the sector nationally. For the Insignia Richard Ellis Press Release: http://www.richardellis.co.uk/insigniare-frontframes.html
590 ## - LOCAL NOTE (RLIN)
Local note WB
650 ## - SUBJECT ADDED ENTRY--TOPICAL TERM
Topical term or geographic name entry element INSIGNIA RICHARD ELLIS
650 ## - SUBJECT ADDED ENTRY--TOPICAL TERM
Topical term or geographic name entry element PROPERTY-COMMERCIAL PROPERTY-OFFICE PROPERTY-OFFICE PROPERTY MARKET
650 ## - SUBJECT ADDED ENTRY--TOPICAL TERM
Topical term or geographic name entry element LONDON
650 ## - SUBJECT ADDED ENTRY--TOPICAL TERM
Topical term or geographic name entry element SOUTH EAST
650 ## - SUBJECT ADDED ENTRY--TOPICAL TERM
Topical term or geographic name entry element RENTAL GROWTH
690 ## - LOCAL SUBJECT ADDED ENTRY--TOPICAL TERM (OCLC, RLIN)
Topical term or geographic name as entry element PROPERTY MANAGEMENT-COMMERCIAL PROPERTY
942 ## - ADDED ENTRY ELEMENTS (KOHA)
Suppress in OPAC 0
Holdings
Withdrawn status Lost status Source of classification or shelving scheme Damaged status Not for loan Home library Current library Shelving location Date acquired Total Checkouts Full call number Barcode Date last seen Copy number Price effective from Koha item type
    Dewey Decimal Classification     London London News article 26/09/2002   WB3835-20 119859-1001 06/08/2019 1 06/08/2019 News article